000 00532nam a22001817a 4500
003 koha_MIRAKIL
005 20250603140507.0
008 250603b eng||||| |||| 00| 0 eng d
020 _a9780590453035
040 _aTR-IsEVY
_btur
_cTR-IsEVY
082 _a690 DOR/T
100 _aDorros, Arthur
245 0 _aThis is my house /
_cArthur Dorros.
260 _aNew York :
_bScholastic ,
_c1992.
300 _a[30 ] p.
_bcolour pictures ;
_c28 cm.
650 _aDifferent Culture.
_vDifferent House.
_vWorld houses.
942 _2ddc
_cBK
999 _c22390
_d22390